Responses for show #4832 - Tuesday, September 20, 2005

Contestants

[<< previous game]

Ray Freson, a retired advertising executive from Arlington, Virginia

Stacey Swann, an instructor and writer from Austin, Texas

Victoria Groce, a musician originally from Decatur, Georgia (whose 1-day cash winnings total $22,801)

[next game >>]

Jeopardy! Round responses

THE JOHN F. KENNEDY LIBRARY AND MUSEUM
LYRICALLY YOURS
POPE-POURRI
BORN FIRST
FOOD A LAFONTAINE
(Alex: The clues will be given by the familiar voice of Don LaFontaine. You've heard his voice on many movie trailers.)
"T" TIME
    $200 20
Nixon

Victoria
    $200 11
Michael Jackson & Paul McCartney

Stacey
    $200 25
Sylvester

Ray
    $200 16
Ringo Starr

Ray
    $200 1
an apple

Victoria
    $200 6
a textile

Victoria
    $400 21
Ireland

Ray
    $400 12
"Livin' La Vida Loca"

Victoria
    $400 26
cardinals

Stacey
    $400 17
(Ray: Who is Martin Luther King?)
(Victoria: Who is Carmichael?)
...
(Alex: Yes. 1925.)

Malcolm X

VictoriaStaceyRay
    $400 2
quiche

Victoria
    $400 7
a Teletubby

Victoria
    $600 22
PT-109

Victoria
    $600 13
(Alex: You love doing that big, heavy, thick, dramatic voice.)

Van Halen

Victoria
    $600 28
the Inquisition

Victoria
    $600 18
(Victoria: Who is Alexander?)

Darius

VictoriaRay
    $600 3
[Victoria laughs out loud during the clue's reading]

parsley

Victoria
    $600 8
Tombstone

Victoria
    $800 23
Ich bin ein Berliner

Victoria
    $800 14
(Steve) Miller

Victoria
    $1,500 29
(Alex: And you have the most money, so you will benefit the most. You have a $5,200 lead over Stacey.)
(Victoria: I'll bet, uh, $1,500.)
(Alex: $1,500 it is. Here is the clue...)
...
[The end-of-round signal sounds.]

an antipope

Victoria
    $800 19
(Ray: Who is Leon Trotsky?)

Lenin

VictoriaRay
    $800 4
filet mignon

Victoria
    $800 9
Twiggy

Stacey
    $1000 24
Nikita Khrushchev

Ray
    $1000 15
(Stacey: What is "Can't Touch This"?)
[Alex looks to the judge.]
(Stacey: What is [*]?)
(Alex: Yeah, you got it in there.)
(Stacey: Thank you.)
(Alex: I was looking to the judges, and I'd have given it to you, anyway.)

"U Can't Touch This"

Stacey
    $1000 27
John Paul Stevens

Stacey
    $1000 5
[Applause for Victoria's run of the category]
(Alex: You and Don LaFontaine should get together.)
(Victoria: I like my food!)
(Alex: You're a great combination. Select again.)
(Victoria: Food is always good.)

Baked Alaska

Victoria
    $1000 10
(Alex: [Picking Victoria] Victoria likes food!)
...
(Alex: Yes, do you like [*]?)
(Victoria: No!)
(Alex: [*] is food!)
[Victoria makes a cross with her fingers in front of her to ward off the tripe.]

tripe

Victoria

Scores at the first commercial break (after clue 13):

Victoria Stacey Ray
$6,200 $1,000 $0

Scores at the end of the Jeopardy! Round:

Victoria Stacey Ray
$10,500 $3,800 $1,200

Double Jeopardy! Round responses

MAN IN SPACE
FILMOGRAPHIES
HISTORIC "D" TOUR
WHAT HATH TODD WROUGHT?
RUSSIAN LIT
16- (YES, 16-) LETTER WORDS
    $400 24
Mars

Victoria
    $400 9
(Steve) McQueen

Victoria
    $400 19
Zimbabwe

Victoria
    $400 4
Dr. Zhivago

Victoria
    $400 14
disqualification

Victoria
    $800 26
the Mercury program

Ray
    $800 10
(Pierce) Brosnan

Victoria
    $1,000 1
(Alex: A lot of people would have selected Detroit instead... and been wrong!)

Dearborn

Ray
    $800 20
the fur trade

Stacey
    $800 5
The Gulag Archipelago

Stacey
    $800 15
(Victoria: What is a counterattack?)

counteroffensive

Victoria
Triple Stumper
    $3,000 27
[The end-of-round signal sounds.]

Wernher von Braun

Ray
    $1200 11
Rene Russo

Stacey
    $1200 2
Devil's Island

Triple Stumper
    $1200 21
Mike Todd

Ray
    $1200 6
Anton Chekhov

Victoria
    $1200 16
hyperventilation

Victoria
    $1600 12
Joan Allen

Stacey
    $1600 3
(Victoria: What is Dresden?)

Dusseldorf

VictoriaStacey
    $1600 22
the White House

Victoria
    $1600 7
Fyodor Dostoevsky

Victoria
    $1600 17
(Victoria: What is irrefutable?)

incontrovertible

VictoriaStacey
    $2000 13
Kristin Scott Thomas

Triple Stumper
    $2000 25
(Victoria: What is Upper Volta?)

Dahomey

Victoria
Triple Stumper
    $2000 23
polynomials

Triple Stumper
    $2000 8
(Victoria: What is Dead Souls?)

The Inspector General

Victoria
Triple Stumper
    $2000 18
Australopithecus

Victoria

Scores at the end of the Double Jeopardy! Round:

Victoria Stacey Ray
$12,900 $11,400 $7,200

[wagering suggestions for these scores]

Final Jeopardy! Round responses

BY THE NUMBERS
RayWhat is Pi
$7,000
StaceyWhat is no clue!?
$3,001
VictoriaWhat is quadratic for
$9,901
pi

Final scores:

Victoria Stacey Ray
$2,999 $8,399 $14,200
3rd place: $1,000 2nd place: $2,000 New champion: $14,200

Game dynamics:

Coryat scores:

Victoria Stacey Ray
$12,200 $11,400 $5,200
29 R
(including 1 DD),
7 W
12 R,
0 W
9 R
(including 2 DDs),
2 W

Combined Coryat: $28,800

The J! Archive is created by fans, for fans. The Jeopardy! game show and all elements thereof, including but not limited to copyright and trademark thereto, are the property of Jeopardy Productions, Inc. and are protected under law. This website is not affiliated with, sponsored by, or operated by Jeopardy Productions, Inc. Join the discussion at JBoard.tv.